000 00664nam a2200253Ia 4500
003 OSt
005 20221006153051.0
006 a|||||r|||| 00| 0
007 ta
008 221006b |||||||| |||| 00| 0 eng d
020 _a9787508502861
024 _a31,192
037 _bGift,
_cTextual
040 _aEASL
_cEASL
_beng
041 _2eng
_aeng
082 _aX43.41, P3
100 _aLI Xiangping Ed.
_9662386
245 0 _aHump air transport
260 _aChina
_bChina Intercontinental Press
_c2003
300 _a131p.
_ccm.
490 _v CEL
942 _hX43.41, P3
_cTEXL
_2CC
999 _c1099278
_d1099278